000
00253nam a2200097Ia 4500
008
240331s9999 xx 000 0 und d
082
_b
REF
100
_a
Logo. ed
245
0
_a
Referendum 1982 :
_b
eclipse of parliamentary democracy in Sri Lanka
942
_c
L
999
_c
5442
_d
5442